| 000 | 00610cam a22002052a 4500 | ||
|---|---|---|---|
| 001 | 001751 | ||
| 003 | AR-FADEU | ||
| 008 | 311216n1988####xxu####################dd | ||
| 020 | _a84-297-2708-6 | ||
| 092 |
_a303.4 _bE42h |
||
| 100 | _aElias, Norbert | ||
| 245 | _aHumana conditio : consideraciones en torno a la evolución de la humanidad en el cuadragésimo aniversario del fin de una guerra (8 de mayo de 1985) | ||
| 260 | _aBarcelona | ||
| 260 | _bPenínsula | ||
| 260 | _c1988 | ||
| 300 | _a147 p | ||
| 440 |
_aPenínsula, ideas _n2 |
||
| 650 | _aCAMBIO SOCIAL; SOCIOLOGIA-EUROPA | ||
| 942 | _cBDGR | ||
| 999 |
_c7589 _d7589 |
||